000 00594cam a22002171a 4500
001 sa 66007019
003 DLC
005 20260227112301.0
008 950414q19601969io 000 1 ind
010 _asa 66007019
025 _aPL480:Indo-2663
035 _a(OCoLC)32306062
040 _aDLC
_cWU
_dDLC
042 _apremarc
050 0 0 _aPL5089.S83
_bS6
100 0 _aSutojo M. D.
245 1 0 _aSpion djelita dari Bandung selatan :
_broman revolusi /
_c[oleh] Sutojo M.D.
260 _aTasikmalaja :
_bSwandjaja,
_c[196-?]
300 _a90 p. ;
_c14 cm.
440 0 _aBuku saku ABC ;
_v64
999 _c70878
_d70878